000 00397nam a2200109Ia 4500
008 171204s9999 xx 000 0 und d
245 _aTranslation And Localisation In Video Games: Making Entertainment Software Global:
245 _cMiguel Á. Bernal-Merino
260 _c2014
650 _xVIDEO PRODUCTION AND DIRECTION
856 _uhttp://down.ebook777.com/018/TraAndLocInVidGamMakEntSofGlo.pdf
999 _c346202
_d346202